00322nam a2200097Ia 4500008004100000040002900041050002500070100005600095245003500151260003800186230222s9999||||xx |||||||||||||| ||und|| cChuka University Library aBSL T 353 bF58 1953 aFlemming, Joseph W. and Dewey F. Barich L. C. Smith 0aApplied drawing and sketching  aThe technical pressbLondonc1953